| 000 | 00606nam a2200205Ia 4500 | ||
|---|---|---|---|
| 003 | IN-BaIIA | ||
| 008 | 211028s9999 xx 000 0 eng d | ||
| 040 | _cIIA Library | ||
| 080 |
_a084.4:52 _bMOO |
||
| 100 |
_aMoore, Patrick _93252 |
||
| 245 | 4 |
_aThe Caxton atlas of the universe _cPatrick Moore |
|
| 250 | _a2nd ed. | ||
| 260 |
_aLondon _bInternational Learning Systems Corporation _c1972 |
||
| 300 | _a272p. | ||
| 650 |
_a Atlas - universe _98778 |
||
| 650 |
_a Caxton atlas _98779 |
||
| 650 |
_a Universe atlas _98780 |
||
| 650 |
_aAstronomy and astrophysics thesaurus _91143 |
||
| 942 | _cBK | ||
| 999 |
_c4900 _d4900 |
||